[Event "24th ECC"]
[Site "Kallithea GRE"]
[Date "2008.10.22"]
[Round "6"]
[White "Karjakin, Sergey"]
[Black "Svidler, P."]
[Result "1/2-1/2"]
[WhiteElo "2730"]
[BlackElo "2727"]
[PlyCount "118"]
[EventDate "2008.10.17"]
[SourceDate "1999.07.01"]

1. e4 e5 2. Nf3 Nc6 3. Bb5 a6 4. Ba4 Nf6 5. O-O Be7 6. Re1 b5 7. Bb3 d6 8. c3
O-O 9. h3 Nb8 10. d4 Nbd7 11. Nbd2 Bb7 12. Bc2 Re8 13. Nf1 Bf8 14. Ng3 g6 15.
b3 Bg7 16. d5 Rc8 17. Bd3 c6 18. c4 Nc5 19. Bf1 bxc4 20. bxc4 a5 21. Bg5 h6 22.
Bd2 Ba6 23. Rb1 h5 24. Bg5 Qc7 25. Nd2 a4 26. Qf3 Nh7 27. Be3 Qa5 28. Red1 Bf6
29. a3 Rb8 30. dxc6 Kg7 31. Rb5 Qc7 32. Bxc5 dxc5 33. Rxc5 Ng5 34. Qc3 h4 35.
Ne2 Qd6 36. Rd5 Qxc6 37. Qc2 Ne6 38. Nc3 Nd4 39. Qxa4 Qxa4 40. Nxa4 Bb7 41. c5
Bc6 42. Nb6 Be7 43. Rxe5 f6 44. Rxe7+ Rxe7 45. Rc1 Ra7 46. a4 Ne6 47. Bb5 Bxb5
48. axb5 Nxc5 49. Rxc5 Rxb6 50. Nf3 Ra1+ 51. Kh2 Rf1 52. e5 Rxf2 53. exf6+ Rxf6
54. Nxh4 Rb2 55. Kg3 Rb6 56. Nf3 R2xb5 57. Rxb5 Rxb5 58. Kf4 Kf6 59. g4 Rb4+
1/2-1/2

[Event "24th ECC"]
[Site "Kallithea GRE"]
[Date "2008.10.22"]
[Round "6"]
[White "Balogh, C."]
[Black "Melkumyan, H."]
[Result "1-0"]
[WhiteElo "2616"]
[BlackElo "2541"]
[PlyCount "99"]
[EventDate "2008.10.17"]
[SourceDate "1999.07.01"]

1. e4 e5 2. Nf3 Nc6 3. Bb5 a6 4. Ba4 Nf6 5. O-O Be7 6. Re1 b5 7. Bb3 d6 8. c3
O-O 9. h3 h6 10. d4 Bb7 11. Nbd2 Re8 12. Nf1 Bf8 13. Ng3 Na5 14. Bc2 c5 15. d5
Nc4 16. b3 Nb6 17. Be3 g6 18. Qd2 Kh7 19. Nh2 a5 20. Bd3 b4 21. Bb5 Nbd7 22. a3
bxc3 23. Qxc3 Qb6 24. Bc4 Ba6 25. Nf3 Reb8 26. Nd2 a4 27. bxa4 Qb2 28. Qd3 Bxc4
29. Nxc4 Qb7 30. a5 h5 31. Reb1 Qa6 32. Nf1 Be7 33. Bd2 Bd8 34. Nfe3 h4 35. a4
Kg7 36. Rxb8 Rxb8 37. Rb1 Ra8 38. Rb5 Nh5 39. Ng4 Ra7 40. Qc3 Kh7 41. Qc1 Be7
42. Bg5 Bf8 43. Bxh4 Nf4 44. Qc2 Rb7 45. Rxb7 Qxb7 46. Qb2 Qxb2 47. Nxb2 Nb8
48. Bd8 f5 49. Nf6+ Kh8 50. Nd7 1-0

[Event "24th ECC"]
[Site "Kallithea GRE"]
[Date "2008.10.18"]
[Round "2"]
[White "Pavasovic, D."]
[Black "Baramidze, D."]
[Result "1-0"]
[WhiteElo "2597"]
[BlackElo "2557"]
[PlyCount "95"]
[EventDate "2008.10.17"]
[SourceDate "1999.07.01"]

1. e4 e5 2. Nf3 Nc6 3. Bb5 a6 4. Ba4 Nf6 5. O-O Be7 6. Re1 b5 7. Bb3 d6 8. c3
O-O 9. h3 Nb8 10. d4 Nbd7 11. Nbd2 Bb7 12. Bc2 Re8 13. Nf1 d5 14. exd5 exd4 15.
Nxd4 Nxd5 16. Nf5 Bf6 17. Rxe8+ Qxe8 18. N1e3 Nxe3 19. Bxe3 Ne5 20. Bd4 Rd8 21.
Qf1 g6 22. Ng3 Qf8 23. a4 Bd5 24. axb5 axb5 25. Qxb5 Bc4 26. Qc5 Qxc5 27. Bxc5
Bd3 28. Bxd3 Nxd3 29. Ba3 Nxf2 30. Kxf2 Bh4 31. Bc5 Rd3 32. Bd4 f6 33. Ra8+ Kf7
34. Rc8 Rxg3 35. Rxc7+ Ke6 36. Kf1 Bg5 37. Rb7 f5 38. b4 Kd5 39. b5 Rd3 40. b6
Rd1+ 41. Ke2 Rd2+ 42. Ke1 Rxg2 43. Rd7+ Kc4 44. Be5 Be3 45. b7 Ba7 46. Rd4+ Kb3
47. Rb4+ Kc2 48. Ra4 1-0

[Event "1st WMSG Rapid Ind"]
[Site "Beijing CHN"]
[Date "2008.10.07"]
[Round "8"]
[White "Fier, A."]
[Black "Kryvoruchko, Y."]
[Result "1-0"]
[WhiteElo "2581"]
[BlackElo "2627"]
[PlyCount "95"]
[EventDate "2008.10.05"]
[SourceDate "1999.07.01"]

1. e4 e5 2. Nf3 Nc6 3. Bb5 a6 4. Ba4 Nf6 5. O-O Be7 6. Re1 b5 7. Bb3 d6 8. c3
O-O 9. h3 Nb8 10. d4 Nbd7 11. Nbd2 Bb7 12. Bc2 Re8 13. Nf1 Bf8 14. Ng3 g6 15.
Bg5 Bg7 16. Qd2 Nf8 17. Bh6 N6d7 18. Bb3 Ne6 19. Bxe6 Rxe6 20. Rad1 Qf8 21.
Bxg7 Qxg7 22. b3 Re7 23. dxe5 Nxe5 24. Nd4 Rae8 25. Re3 Kh8 26. Rde1 Nd7 27.
Nf3 Nc5 28. e5 dxe5 29. Nxe5 Ne4 30. Nxe4 Rxe5 31. Nc5 Rxe3 32. Rxe3 Rxe3 33.
Qxe3 Bc6 34. Qe7 h5 35. Qd8+ Kh7 36. Qxc7 Qf6 37. Nxa6 Qe6 38. Nb4 Be8 39. Qc5
Qe1+ 40. Kh2 Bd7 41. Qe3 Qa1 42. Nd5 Be6 43. Nf6+ Kg7 44. Qd4 Kf8 45. Qd6+ Kg7
46. Ne8+ Kh6 47. Qf4+ Kh7 48. Qf6 1-0

[Event "1st WMSG Blitz Team"]
[Site "Beijing CHN"]
[Date "2008.10.13"]
[Round "5"]
[White "Rasmussen, A."]
[Black "Ragger, M."]
[Result "1-0"]
[WhiteElo "2513"]
[BlackElo "2518"]
[PlyCount "113"]
[EventDate "2008.10.13"]
[SourceDate "1999.07.01"]

1. e4 e5 2. Nf3 Nc6 3. Bb5 a6 4. Ba4 Nf6 5. O-O Be7 6. Re1 b5 7. Bb3 d6 8. c3
O-O 9. h3 Na5 10. Bc2 c5 11. d4 Qc7 12. Nbd2 Rd8 13. b3 Bd7 14. Bb2 g6 15. Nf1
c4 16. Ne3 Bf8 17. d5 Nh5 18. b4 Nb7 19. Kh2 a5 20. a3 Ra6 21. Rb1 Rda8 22. Bc1
axb4 23. cxb4 Qc8 24. Ng1 Nd8 25. Qf3 f6 26. Ng4 Bg7 27. Ne2 Nf7 28. Ng3 Bxg4
29. hxg4 Nf4 30. Nf1 g5 31. g3 Ng6 32. Ne3 Nh6 33. Bb2 Rxa3 34. Bxa3 Rxa3 35.
Qe2 Rxe3 36. fxe3 Nxg4+ 37. Kg2 h5 38. Rh1 h4 39. Bd1 Nh6 40. Qh5 Kh7 41. Ra1
c3 42. Bc2 Qc4 43. Ra7 Qxb4 44. gxh4 Nxh4+ 45. Rxh4 gxh4 46. Qxh4 Qb2 47. Qf2
b4 48. Rb7 Ng4 49. Qh4+ Nh6 50. Qf2 Ng4 51. Qf5+ Kh6 52. Qxg4 Qxc2+ 53. Kh3 Bf8
54. Qh4+ Kg6 55. Qh7+ Kg5 56. Qf5+ Kh6 57. Rh7# 1-0

[Event "1st WMSG Rapid Team"]
[Site "Beijing CHN"]
[Date "2008.10.16"]
[Round "7"]
[White "Almasi, Z."]
[Black "Ghaem Maghami, E."]
[Result "0-1"]
[WhiteElo "2663"]
[BlackElo "2599"]
[PlyCount "84"]
[EventDate "2008.10.14"]
[SourceDate "1999.07.01"]

1. e4 e5 2. Nf3 Nc6 3. Bb5 a6 4. Ba4 Nf6 5. O-O Be7 6. Re1 b5 7. Bb3 d6 8. c3
O-O 9. h3 Na5 10. Bc2 c5 11. d4 Qc7 12. Nbd2 cxd4 13. cxd4 Nc6 14. Nb3 a5 15.
Be3 a4 16. Nbd2 Bd7 17. Rc1 Rac8 18. Bb1 Qb8 19. Qe2 Rfe8 20. a3 Bd8 21. Bd3
Bb6 22. dxe5 Nxe5 23. Nxe5 Rxc1 24. Rxc1 dxe5 25. Nf3 b4 26. Bc4 h6 27. Qd3
Bxe3 28. Qxe3 Qd6 29. Qd3 Qe7 30. Re1 Bc6 31. Nh4 Bd7 32. Nf5 Bxf5 33. exf5 e4
34. Qe3 bxa3 35. bxa3 Rc8 36. Bb5 Qe5 37. Bxa4 Rc3 38. Qd2 Rxa3 39. Qb4 Ra1 40.
g4 e3 41. Rxa1 Qxa1+ 42. Kg2 e2 0-1

[Event "ch-Commonwealth"]
[Site "Nagpur IND"]
[Date "2008.10.06"]
[Round "11"]
[White "Ganguly, S."]
[Black "Kunte, A."]
[Result "1-0"]
[WhiteElo "2631"]
[BlackElo "2554"]
[PlyCount "43"]
[EventDate "2008.09.28"]
[SourceDate "1999.07.01"]

1. e4 e5 2. Nf3 Nc6 3. Bb5 a6 4. Ba4 Nf6 5. O-O Be7 6. Re1 b5 7. Bb3 d6 8. c3
O-O 9. d4 Bg4 10. Be3 exd4 11. cxd4 Na5 12. Bc2 Nc4 13. Bc1 c5 14. b3 Nb6 15.
Be3 Nfd7 16. Nbd2 cxd4 17. Bxd4 Rc8 18. Qb1 Ne5 19. Bd1 Bf6 20. Nxe5 Bxd1 21.
Bxb6 Qe8 22. Qxd1 1-0

[Event "17th CRO-chT 1a"]
[Site "Sibenik CRO"]
[Date "2008.09.05"]
[Round "9"]
[White "Pavasovic, D."]
[Black "Stevic, H."]
[Result "1/2-1/2"]
[WhiteElo "2597"]
[BlackElo "2588"]
[PlyCount "45"]
[EventDate "2008.09.27"]
[SourceDate "1999.07.01"]

1. e4 e5 2. Nf3 Nc6 3. Bb5 a6 4. Ba4 Nf6 5. O-O Be7 6. Re1 b5 7. Bb3 d6 8. c3
O-O 9. h3 Na5 10. Bc2 d5 11. d4 Nxe4 12. Nxe5 f6 13. Nf3 Nc4 14. Bxe4 dxe4 15.
Rxe4 Bb7 16. Re1 Re8 17. Nbd2 Nb6 18. b3 Qd7 19. c4 Bxf3 20. Nxf3 bxc4 21. bxc4
Nxc4 22. Qb3 Qb5 23. Bf4 1/2-1/2

[Event "9th YM Open"]
[Site "Lausanne SUI"]
[Date "2008.09.21"]
[Round "5"]
[White "Dgebuadze, A."]
[Black "Ginsburg, G."]
[Result "1-0"]
[WhiteElo "2562"]
[BlackElo "2520"]
[PlyCount "57"]
[EventDate "2008.09.19"]
[SourceDate "1999.07.01"]

1. e4 e5 2. Nf3 Nc6 3. Bb5 a6 4. Ba4 Nf6 5. O-O Be7 6. Re1 b5 7. Bb3 d6 8. c3
O-O 9. h3 Na5 10. Bc2 c5 11. d4 cxd4 12. cxd4 exd4 13. Nxd4 Bb7 14. a3 Re8 15.
Nc3 Bf8 16. Nf5 Nc4 17. Qf3 Rc8 18. Bg5 Kh8 19. Bb3 Rc5 20. Bxc4 Rxc4 21. Rad1
Rc5 22. Nd5 Bxd5 23. exd5 Re5 24. Rxe5 dxe5 25. d6 e4 26. Bxf6 Qxf6 27. Qxe4
Rc8 28. d7 Rd8 29. Qe8 1-0

[Event "3rd PGMA Cup"]
[Site "Manila PHI"]
[Date "2008.09.09"]
[Round "4"]
[White "Li Chao2"]
[Black "Zhang Zhong"]
[Result "1/2-1/2"]
[WhiteElo "2590"]
[BlackElo "2632"]
[PlyCount "74"]
[EventDate "2008.09.07"]
[SourceDate "1999.07.01"]

1. e4 e5 2. Nf3 Nc6 3. Bb5 a6 4. Ba4 Nf6 5. O-O Be7 6. Re1 b5 7. Bb3 O-O 8. c3
d6 9. d4 Bg4 10. Be3 Bh5 11. h3 Na5 12. Bc2 Nc4 13. Bc1 Nd7 14. a4 c5 15. g4
Bg6 16. d5 Na5 17. b4 Nc4 18. a5 Rc8 19. Bd3 cxb4 20. cxb4 h5 21. Qe2 Nf6 22.
Nfd2 hxg4 23. hxg4 Qd7 24. f3 Qa7+ 25. Kh1 Nxd2 26. Bxd2 Nh7 27. Be3 Qd7 28.
Na3 Bg5 29. Qd2 f6 30. Kg2 Rc7 31. Rec1 Rfc8 32. Rxc7 Rxc7 33. Rc1 Be8 34. Rxc7
Qxc7 35. Qc2 Qxc2+ 36. Nxc2 Bxe3 37. Nxe3 Bd7 1/2-1/2

[Event "3rd PGMA Cup"]
[Site "Manila PHI"]
[Date "2008.09.10"]
[Round "6"]
[White "Li Chao2"]
[Black "Ghaem Maghami, E."]
[Result "1-0"]
[WhiteElo "2590"]
[BlackElo "2597"]
[PlyCount "123"]
[EventDate "2008.09.07"]
[SourceDate "1999.07.01"]

1. e4 e5 2. Nf3 Nc6 3. Bb5 a6 4. Ba4 Nf6 5. O-O Be7 6. Re1 b5 7. Bb3 d6 8. c3
O-O 9. d4 Bg4 10. Be3 Bh5 11. h3 exd4 12. cxd4 d5 13. e5 Ne4 14. Nc3 Nxc3 15.
bxc3 Qd7 16. g4 Bg6 17. Nd2 Bh4 18. Qf3 Rad8 19. g5 f6 20. gxf6 gxf6 21. Bh6
Rfe8 22. exf6 Rxe1+ 23. Rxe1 Qf5 24. Qg2 Bxf6 25. Nf1 Ne7 26. Ng3 Qd7 27. Ne4
Bh4 28. Bg5 Bxe4 29. Rxe4 Bxg5 30. Qxg5+ Kf7 31. Rf4+ Ke8 32. Qh6 Qc6 33. Rf8+
Kd7 34. Rxd8+ Kxd8 35. Qxc6 Nxc6 36. Bxd5 Nb8 37. Kg2 Ke7 38. Kf3 a5 39. Ke4 b4
40. cxb4 axb4 41. Kd3 Nd7 42. Kc4 Kd6 43. Be4 b3 44. Kxb3 Nf6 45. Bf3 c6 46.
Kc4 Nd7 47. a4 Kc7 48. a5 h6 49. Bg4 Nf6 50. Bf5 Nd5 51. Kc5 Nc3 52. Bc2 Ne2
53. a6 Nf4 54. Bf5 h5 55. a7 Kb7 56. a8=Q+ Kxa8 57. Kxc6 Ne2 58. d5 Kb8 59. Be6
Nf4 60. Kd6 h4 61. Ke7 Ng6+ 62. Kf6 1-0

[Event "4th Pichay Cup"]
[Site "Manila PHI"]
[Date "2008.09.19"]
[Round "9"]
[White "Nolte, R."]
[Black "Iuldachev, S."]
[Result "0-1"]
[WhiteElo "2522"]
[BlackElo "2520"]
[PlyCount "116"]
[EventDate "2008.09.14"]
[SourceDate "1999.07.01"]

1. e4 e5 2. Nf3 Nc6 3. Bb5 a6 4. Ba4 Nf6 5. O-O Be7 6. Re1 b5 7. Bb3 d6 8. c3
O-O 9. h3 Na5 10. Bc2 c5 11. d4 Qc7 12. Nbd2 Be6 13. dxe5 dxe5 14. Ng5 Rad8 15.
Qe2 Bc8 16. Nf1 Rfe8 17. Ng3 h6 18. Nf3 Bf8 19. Nh4 g6 20. Nf3 Bg7 21. b3 Nc6
22. Be3 Bf8 23. Rac1 Be6 24. Bb1 Qb8 25. Nh2 Qb7 26. Rf1 Qe7 27. Rfd1 Rxd1+ 28.
Rxd1 Rd8 29. Rc1 Qd6 30. Qf3 Bg7 31. Bc2 Qe7 32. Bb1 a5 33. h4 c4 34. bxc4 Bxc4
35. h5 Qe6 36. a3 Bf8 37. Re1 a4 38. Bc1 Na5 39. hxg6 fxg6 40. Ngf1 Nb3 41. Be3
Kh7 42. g4 Bxa3 43. Qh3 Bf8 44. Qh4 Rd7 45. Ng3 Kg8 46. Kh1 g5 47. Qh3 a3 48.
Nf5 a2 49. Bxa2 Nxe4 50. f3 Nd6 51. Bb1 Nf7 52. Ng3 Bd3 53. Ba2 Bc4 54. Bb1 Qc6
55. Bf5 Rd8 56. Ne4 Bd5 57. Qh5 Bxe4 58. Bxe4 Qxc3 0-1

[Event "DMP Ekstraliga"]
[Site "Karpacz POL"]
[Date "2008.09.14"]
[Round "9"]
[White "Volokitin, And"]
[Black "Navara, D."]
[Result "1/2-1/2"]
[WhiteElo "2672"]
[BlackElo "2646"]
[PlyCount "99"]
[EventDate "2008.09.06"]
[SourceDate "1999.07.01"]

1. e4 e5 2. Nf3 Nc6 3. Bb5 a6 4. Ba4 Nf6 5. O-O Be7 6. Re1 b5 7. Bb3 d6 8. c3
O-O 9. h3 Na5 10. Bc2 c5 11. d4 Qc7 12. Nbd2 cxd4 13. cxd4 Rd8 14. b3 Nc6 15.
Bb2 Qb6 16. d5 Nb4 17. Bb1 a5 18. a3 Na6 19. b4 Bd7 20. Bc3 axb4 21. axb4 Rdc8
22. Qb3 Bd8 23. Nf1 Nc7 24. Bd3 Rxa1 25. Rxa1 Ra8 26. Qb2 Qb7 27. N3d2 Nh5 28.
Ne3 Rxa1+ 29. Qxa1 Bg5 30. Nb3 Bxe3 31. fxe3 f5 32. Bxe5 fxe4 33. Bxe4 dxe5 34.
Nc5 Qc8 35. Qxe5 Nf6 36. Bf3 Nce8 37. e4 Qd8 38. Qd4 Bc8 39. e5 Nd7 40. d6 Nxe5
41. Qxe5 Nxd6 42. Qd5+ Kf8 43. Ne4 Qb6+ 44. Qc5 Qxc5+ 45. Nxc5 Ke7 46. Kf2 Kf6
47. Ke3 Nf5+ 48. Kd3 Ke5 49. Bc6 Ne7 50. Bxb5 1/2-1/2

[Event "WCh-Women"]
[Site "Nalchik RUS"]
[Date "2008.09.12"]
[Round "5.3"]
[White "Hou Yifan"]
[Black "Koneru, H."]
[Result "1-0"]
[WhiteElo "2557"]
[BlackElo "2622"]
[PlyCount "104"]
[EventDate "2008.08.29"]
[SourceDate "1999.07.01"]

1. e4 e5 2. Nf3 Nc6 3. Bb5 a6 4. Ba4 Nf6 5. O-O Be7 6. Re1 b5 7. Bb3 d6 8. c3
O-O 9. h3 Nb8 10. d4 Nbd7 11. Nbd2 Bb7 12. Bc2 Re8 13. Nf1 Bf8 14. Ng3 g6 15.
b3 Bg7 16. d5 Rc8 17. Be3 c6 18. c4 Nb6 19. Rb1 Qc7 20. dxc6 Bxc6 21. Bxb6 Qxb6
22. Qxd6 Rcd8 23. Qb4 Bf8 24. Qc3 Bc5 25. Re2 b4 26. Qe1 Kg7 27. Rd1 Rxd1 28.
Qxd1 Rd8 29. Qc1 Nd7 30. Qg5 f6 31. Qg4 Kf7 32. Rd2 Nf8 33. Rxd8 Qxd8 34. Ne1
Ne6 35. Nd3 Be7 36. Qd1 Qd4 37. Nc1 Qb6 38. Nf1 Bc5 39. Nd3 Bd4 40. Qe1 a5 41.
Ng3 Kg7 42. Bd1 Bc3 43. Qe2 Qb7 44. Qg4 Qd7 45. Be2 Kf7 46. h4 h5 47. Qf3 Ke7
48. Qe3 Qd4 49. Qh6 Bxe4 50. Qh7+ Kd6 51. c5+ Nxc5 52. Nxc5 Kd5 1-0

[Event "II ROMGAZ Open"]
[Site "Bucharest ROU"]
[Date "2008.09.14"]
[Round "4"]
[White "Szabo, G ROM."]
[Black "Filippov, An UZB"]
[Result "0-1"]
[WhiteElo "2514"]
[BlackElo "2531"]
[PlyCount "68"]
[EventDate "2008.09.11"]
[SourceDate "1999.07.01"]

1. e4 e5 2. Nf3 Nc6 3. Bb5 a6 4. Ba4 Nf6 5. O-O Be7 6. Re1 b5 7. Bb3 d6 8. c3
O-O 9. h3 Nb8 10. d4 Nbd7 11. Nbd2 c5 12. Nf1 Bb7 13. Ng3 Re8 14. Ng5 c4 15.
Bc2 h6 16. Nf3 Bf8 17. Nh2 d5 18. exd5 exd4 19. Rxe8 Qxe8 20. Qxd4 Qe1+ 21.
Nhf1 Bc5 22. Qd2 Qe5 23. a4 Re8 24. axb5 axb5 25. Ra5 Bxd5 26. Qf4 Qe6 27. Be3
g5 28. Qf5 Qc6 29. Bxc5 Qxc5 30. Nh5 Qb6 31. Nxf6+ Nxf6 32. Ra1 Bb7 33. Ng3 Qc6
34. f3 Bc8 0-1

[Event "SuperLiga-ROM"]
[Site "Eforie Nord ROM"]
[Date "2008.09.08"]
[Round "8"]
[White "Kotronias, V."]
[Black "Marin, Mi"]
[Result "1-0"]
[WhiteElo "2574"]
[BlackElo "2553"]
[PlyCount "79"]
[EventDate "2008.09.01"]
[SourceDate "1999.07.01"]

1. e4 e5 2. Nf3 Nc6 3. Bb5 a6 4. Ba4 Nf6 5. O-O Be7 6. Re1 b5 7. Bb3 d6 8. c3
O-O 9. h3 Na5 10. Bc2 c5 11. d4 Qc7 12. Nbd2 Nc6 13. d5 Nd8 14. a4 Rb8 15. Nf1
Ne8 16. b4 g6 17. Bh6 Ng7 18. axb5 axb5 19. N3h2 f6 20. f4 exf4 21. Bxf4 Nf7
22. Nf3 Ne5 23. N1d2 Bd7 24. Ra2 Rfc8 25. Qa1 Bd8 26. Be3 cxb4 27. cxb4 Qc3 28.
Bd4 Bb6 29. Qxc3 Rxc3 30. Bxb6 Rxb6 31. Ra8+ Kf7 32. Nxe5+ dxe5 33. Bd1 Rb7 34.
Nb3 Ne8 35. Nc5 Rc7 36. Bg4 Bxg4 37. hxg4 Ke7 38. Rea1 Rc4 39. R1a6 Nd6 40.
Rxd6 1-0

[Event "61st ch-RUS HL"]
[Site "Novokuznetsk RUS"]
[Date "2008.09.04"]
[Round "2"]
[White "Smirnov, P."]
[Black "Kornev, Alexei"]
[Result "1-0"]
[WhiteElo "2592"]
[BlackElo "2523"]
[PlyCount "103"]
[EventDate "2008.09.03"]
[SourceDate "1999.07.01"]

1. e4 e5 2. Nf3 Nc6 3. Bb5 a6 4. Ba4 Nf6 5. O-O Be7 6. Re1 b5 7. Bb3 d6 8. c3
O-O 9. h3 Nb8 10. d4 Nbd7 11. Nbd2 Bb7 12. Bc2 Re8 13. Nf1 Bf8 14. Ng3 g6 15.
a4 Bg7 16. Bd3 c6 17. Bg5 h6 18. Be3 Nf8 19. Qd2 Kh7 20. b4 Qc7 21. dxe5 dxe5
22. c4 Rad8 23. Qc2 Ne6 24. cxb5 cxb5 25. axb5 axb5 26. Qxc7 Nxc7 27. Ra7 Rxd3
28. Rxb7 Rd7 29. Rc1 Ne6 30. Rxb5 Nd4 31. Rb6 Ree7 32. Kh2 Rb7 33. Rxb7 Nxf3+
34. gxf3 Rxb7 35. Bc5 Nd7 36. Ne2 Bf8 37. Bxf8 Nxf8 38. Rb1 Ne6 39. Kg3 f5 40.
b5 Rb6 41. Nc3 f4+ 42. Kg2 Nd4 43. Rb4 Kg7 44. Rc4 Kf7 45. Rc7+ Ke6 46. Rg7 Kf6
47. Ra7 Rd6 48. b6 Rd8 49. Nd5+ Ke6 50. Rg7 Kd6 51. Rxg6+ Kc5 52. Nc7 1-0

[Event "61st ch-RUS HL"]
[Site "Novokuznetsk RUS"]
[Date "2008.09.05"]
[Round "3"]
[White "Amonatov, F."]
[Black "Smirnov, P."]
[Result "0-1"]
[WhiteElo "2650"]
[BlackElo "2592"]
[PlyCount "184"]
[EventDate "2008.09.03"]
[SourceDate "1999.07.01"]

1. e4 e5 2. Nf3 Nc6 3. Bb5 a6 4. Ba4 Nf6 5. O-O Be7 6. Re1 b5 7. Bb3 d6 8. c3
O-O 9. d4 Bg4 10. d5 Na5 11. Bc2 c6 12. h3 Bc8 13. dxc6 Qc7 14. Nbd2 Qxc6 15.
a4 Be6 16. Ng5 Bd7 17. Nf1 Nc4 18. b3 Nb6 19. a5 Nc8 20. Bd2 Bd8 21. Bd3 Ne7
22. Ng3 Ng6 23. c4 Qb7 24. Nf5 Bc7 25. Rb1 b4 26. Ra1 Bc6 27. Qe2 h6 28. Nf3
Rfe8 29. Nh2 Re6 30. Ng4 Nh7 31. Qf3 Bd8 32. Qg3 Bg5 33. Bxg5 hxg5 34. c5 d5
35. exd5 Bxd5 36. Nxe5 Nf4 37. Nd6 Qe7 38. Bxh7+ Kxh7 39. Ndxf7 Kg8 40. Qxg5
Nxg2 41. Qh5 Qh4 42. Qxh4 Nxh4 43. Rad1 Ng2 44. Re2 Nf4 45. Re3 Rf8 46. Ng5 Rh6
47. Nd7 Rh5 48. Rxd5 Nxd5 49. Re5 Rd8 50. Nf3 Rxe5 51. Nfxe5 Rc8 52. Kg2 Nf4+
53. Kf3 Ne6 54. Nd3 Rc7 55. Nb8 Nxc5 56. Nxc5 Rxc5 57. Nxa6 Rc3+ 58. Ke4 Rxb3
59. Kd4 Rb1 60. Kc4 b3 61. Nb4 b2 62. Kb3 Ra1 63. Kxb2 Rxa5 64. Kc2 Rh5 65. Kd2
Rxh3 66. Ke2 Kf7 67. Nd3 Kf6 68. f3 Kf5 69. Kf2 Rh6 70. Ne1 Ra6 71. Kg3 Ke5 72.
Ng2 Kd4 73. Nh4 Rf6 74. Ng2 Ke5 75. Ne3 Rg6+ 76. Kf2 Rg5 77. Ng2 Kf6 78. f4 Ra5
79. Kf3 Ra3+ 80. Ne3 Rb3 81. Ke4 Kg6 82. Kf3 Kh5 83. Ke4 Ra3 84. Nf5 Ra7 85.
Ne3 Rf7 86. Nf5 g6 87. Ne3 Kh4 88. f5 g5 89. Nd5 g4 90. Ke5 g3 91. Ne3 Re7+ 92.
Kf4 Rxe3 0-1

[Event "TCh-ESP Hon Gp1"]
[Site "Cala Mayor ESP"]
[Date "2008.09.06"]
[Round "4"]
[White "Shirov, A."]
[Black "Roiz, M."]
[Result "1/2-1/2"]
[WhiteElo "2741"]
[BlackElo "2680"]
[PlyCount "90"]
[EventDate "2008.09.03"]
[SourceDate "1999.07.01"]

1. e4 e5 2. Nf3 Nc6 3. Bb5 a6 4. Ba4 Nf6 5. O-O Be7 6. Re1 b5 7. Bb3 d6 8. c3
O-O 9. h3 Nb8 10. d4 Nbd7 11. Nbd2 Bb7 12. Bc2 Re8 13. Nf1 Bf8 14. Ng3 g6 15.
a4 Bg7 16. d5 Qb8 17. b3 c6 18. c4 bxc4 19. bxc4 a5 20. Ba3 Bf8 21. Ne2 Qc7 22.
Nc3 Ba6 23. Bb3 Nc5 24. Bxc5 dxc5 25. Nd2 Rab8 26. dxc6 Qxc6 27. Nd5 Bh6 28.
Rb1 Qd6 29. Ba2 Kg7 30. Qc2 Bxd2 31. Qxd2 Rb4 32. f4 Nxd5 33. exd5 e4 34. Rxb4
axb4 35. g4 Bc8 36. Bb1 Bd7 37. Rxe4 Rxe4 38. Bxe4 Bxa4 39. g5 Bd7 40. h4 Kf8
41. Kf2 Qa6 42. Qb2 Kg8 43. Qe5 Qxc4 44. Qb8+ Kg7 45. Qe5+ Kg8 1/2-1/2

[Event "TCh-ESP Hon Gp2"]
[Site "Sabadell ESP"]
[Date "2008.09.03"]
[Round "1"]
[White "Gashimov, V."]
[Black "Harikrishna, P."]
[Result "0-1"]
[WhiteElo "2717"]
[BlackElo "2668"]
[PlyCount "84"]
[EventDate "2008.09.03"]
[SourceDate "1999.07.01"]

1. e4 e5 2. Nf3 Nc6 3. Bb5 a6 4. Ba4 Nf6 5. O-O Be7 6. Re1 b5 7. Bb3 d6 8. c3
O-O 9. h3 Nb8 10. d4 Nbd7 11. Nbd2 Bb7 12. Bc2 Re8 13. Nf1 Bf8 14. Ng3 g6 15.
b3 Bg7 16. d5 Rc8 17. Bg5 c6 18. c4 h6 19. Be3 Nb6 20. Rb1 Qc7 21. dxc6 Bxc6
22. Nd2 Nbd7 23. Rc1 Qa5 24. Bb1 Nc5 25. Ne2 Ncxe4 26. cxb5 Nxd2 27. Rxc6 Nxb1
28. Qxb1 d5 29. Rxa6 Qxb5 30. Rb6 Qd7 31. f4 Qa7 32. Qd3 exf4 33. Bd4 Qe7 34.
Ra6 Nd7 35. Ra7 Bxd4+ 36. Qxd4 Rc2 37. Qf2 d4 38. Kh2 d3 39. Qd4 Rxe2 40. Rxd7
Qg5 41. Rg1 Qg3+ 42. Kh1 f3 0-1

[Event "TCh-ESP Hon Gp2"]
[Site "Sabadell ESP"]
[Date "2008.09.06"]
[Round "4"]
[White "Nijboer, F."]
[Black "Harikrishna, P."]
[Result "1/2-1/2"]
[WhiteElo "2564"]
[BlackElo "2668"]
[PlyCount "53"]
[EventDate "2008.09.03"]
[SourceDate "1999.07.01"]

1. e4 e5 2. Nf3 Nc6 3. Bb5 a6 4. Ba4 Nf6 5. O-O Be7 6. Re1 b5 7. Bb3 d6 8. c3
O-O 9. d4 Bg4 10. d5 Na5 11. Bc2 c6 12. h3 Bc8 13. dxc6 Qc7 14. Nbd2 Qxc6 15.
Nf1 Nc4 16. Ng3 Re8 17. a4 Be6 18. Ng5 Bd7 19. Qe2 h6 20. Nf3 Be6 21. Nh4 Nb6
22. Nhf5 Bf8 23. Qf3 Nbd7 24. Ne3 Nc5 25. Nef5 Ncd7 26. Ne3 Nc5 27. Nef5
1/2-1/2

[Event "X Sants Open"]
[Site "Barcelona ESP"]
[Date "2008.08.30"]
[Round "9"]
[White "Bartel, Mat"]
[Black "Postny, E."]
[Result "1/2-1/2"]
[WhiteElo "2579"]
[BlackElo "2661"]
[PlyCount "63"]
[EventDate "2008.08.22"]
[SourceDate "1999.07.01"]

1. e4 e5 2. Nf3 Nc6 3. Bb5 a6 4. Ba4 Nf6 5. O-O Be7 6. Re1 b5 7. Bb3 d6 8. c3
O-O 9. d4 Bg4 10. Be3 exd4 11. cxd4 Na5 12. Bc2 c5 13. h3 Bxf3 14. Qxf3 Nc4 15.
Nc3 Nxe3 16. Qxe3 cxd4 17. Qxd4 Rc8 18. Bb3 Rc5 19. a4 bxa4 20. Nxa4 Ra5 21.
Nc3 Qc7 22. Bc4 Rxa1 23. Rxa1 a5 24. b3 g6 25. g3 Re8 26. Kg2 Rf8 27. Ra2 Re8
28. f4 Rf8 29. Kf3 Qc8 30. Kg2 Qc7 31. Kf3 Qc8 32. Kg2 1/2-1/2

[Event "USCL 2008"]
[Site "ICC INT"]
[Date "2008.08.27"]
[Round "1"]
[White "Erenburg, S."]
[Black "Benjamin, Joe"]
[Result "1-0"]
[WhiteElo "2563"]
[BlackElo "2577"]
[PlyCount "87"]
[EventDate "2008.10.22"]
[SourceDate "1999.07.01"]

1. e4 e5 2. Nf3 Nc6 3. Bb5 a6 4. Ba4 Nf6 5. O-O Be7 6. Re1 b5 7. Bb3 d6 8. c3
O-O 9. h3 Na5 10. Bc2 c5 11. d4 Nd7 12. d5 Nb6 13. Nbd2 f5 14. exf5 Bxf5 15.
Bxf5 Rxf5 16. Ne4 Nb7 17. b3 Qd7 18. Be3 Raf8 19. Nh2 Qe8 20. Qd3 c4 21. Qd2
Bd8 22. f3 Qg6 23. Kh1 Na5 24. Rab1 h6 25. Red1 R5f7 26. Qb2 Bc7 27. Bg1 Rf4
28. Qa3 Nd7 29. b4 Rxe4 30. fxe4 Nf6 31. bxa5 Nxe4 32. Nf1 Nf2+ 33. Bxf2 Rxf2
34. Ne3 Qg3 35. Qc1 Bxa5 36. Rf1 Rxg2 37. Nxg2 Qxh3+ 38. Kg1 Bb6+ 39. Rf2 Qg3
40. Rbb2 h5 41. Rbe2 h4 42. Re3 Qg5 43. Kh1 h3 44. Rf8+ 1-0

[Event "IX Miquel Mas de Figueres Open"]
[Site "Castell de Sant Ferran ESP"]
[Date "2008.08.06"]
[Round "6"]
[White "Corrales Jimenez, F."]
[Black "Delchev, A."]
[Result "1-0"]
[WhiteElo "2504"]
[BlackElo "2618"]
[PlyCount "131"]
[EventDate "2008.08.02"]
[SourceDate "1999.07.01"]

1. e4 e5 2. Nf3 Nc6 3. Bb5 a6 4. Ba4 Nf6 5. O-O Be7 6. Re1 b5 7. Bb3 d6 8. c3
O-O 9. h3 Na5 10. Bc2 c5 11. d4 Nd7 12. a4 Bb7 13. d5 c4 14. Na3 bxa4 15. Be3
Rc8 16. Bxa4 f5 17. exf5 Rxf5 18. Bc2 Rf7 19. Nb1 Nc5 20. Ra2 Nab3 21. Na3 Na5
22. Nh2 Nd7 23. Ng4 Nf8 24. Be4 Qc7 25. Nc2 Bd8 26. Nb4 Qd7 27. Nh2 Ra8 28. Nf3
Ng6 29. Qc2 Nf8 30. Rd1 Qb5 31. Nc6 Nxc6 32. dxc6 Bxc6 33. Rxd6 Bb7 34. Ra1 Bc7
35. Rd2 h6 36. Rad1 Rb8 37. Qb1 a5 38. Rd5 Qe8 39. R1d2 Kh8 40. Rc5 Qe6 41.
Bxb7 Rxb7 42. Qe4 Bd6 43. Rc6 Rbd7 44. Bc5 Bxc5 45. Rxe6 Rxd2 46. Nxd2 Bxf2+
47. Kh1 Nxe6 48. Nf3 Nc5 49. Qxc4 Rb7 50. b4 axb4 51. cxb4 e4 52. Ne5 Ra7 53.
bxc5 Bg3 54. Qd4 e3 55. c6 e2 56. Nf3 Ra3 57. Qb2 Re3 58. Qd2 Re6 59. Qd8+ Kh7
60. Qd3+ Kh8 61. Ne1 Bd6 62. g4 Bc7 63. Qd7 Rf6 64. Qxc7 Rf1+ 65. Kg2 Rxe1 66.
Kf2 1-0